Normal view
MARC view
Entry Personal Name
001 - CONTROL NUMBER
- control field: 25629
003 - CONTROL NUMBER IDENTIFIER
- control field: dpl
005 - DATE AND TIME OF LATEST TRANSACTION
- control field: 20110127111014.0
008 - FIXED-LENGTH DATA ELEMENTS
- fixed length control field: 110127|||a|||||| | ||| d
040 ## - CATALOGING SOURCE
- Original cataloging agency: dpl
- Transcribing agency: dpl
100 ## - HEADING--PERSONAL NAME
- Personal name: कुणाल सिंह
670 ## - SOURCE DATA FOUND
- Source citation: Work cat.: (dpl)48271: चट्टोपाध्याय, शरतचन्द्र 23184, देवदास /, 2009
670 ## - SOURCE DATA FOUND
- Source citation: Work cat.: (dpl)48271: चट्टोपाध्याय, शरतचन्द्र 23184, देवदास /, 2009
